Tous les sites UNESCO d'Espagne sur une carte - Statistiques

Statistiques générales
  • Ce quiz a été pris 73 fois
  • Le résultat moyen est 13 sur 49
Réponses sur la Carte
Les réponses sont colorées sur une échelle allant du rouge au vert en fonction du pourcentage des utilisateurs qui les ont devinées à leur premier essai. Vous pouvez retrouver ces pourcentages ci-dessous.
 
Statistiques - réponses
Réponse % Correct
Chemins de Saint-Jacques-de-Compostelle
61%
Ibiza, biodiversité et culture
61%
Pyrénées - Mont Perdu
61%
La Cathédrale, l'Alcázar et l'Archivo de Indias de Séville
56%
Vieille ville de Saint-Jacques-de-Compostelle
51%
Minorque talayotique
49%
Alhambra, Generalife et Albaicin
44%
Architecture mudéjare d’Aragon
44%
Centre historique de Cordoue
41%
La Lonja de la Seda de Valence
41%
Œuvres d’Antoni Gaudí
41%
Vieille ville de Salamanque
41%
Ville historique de Tolède
39%
Églises romanes catalanes de la Vall de Boí
34%
Monuments d’Oviedo et du royaume des Asturies
34%
Paysage culturel de Risco Caido et montagnes sacrées de Grande Canarie
34%
Vieille ville de Ségovie et son aqueduc
34%
Remparts romains de Lugo
32%
Forêts primaires et anciennes de hêtres d’Europe
29%
Cathédrale de Burgos
27%
Palais de la musique catalane et hôpital de Sant Pau
24%
Paseo del Prado et Buen Retiro
24%
Vieille ville de Caceres
24%
Grotte d’Altamira et art rupestre paléolithique du nord de l’Espagne
22%
Monastère de Poblet
22%
Parc national de Teide
22%
Vieille ville d'Ávila avec ses églises extra-muros
22%
Ville historique fortifiée de Cuenca
22%
Ensemble archéologique de Mérida
20%
Monastère et site de l'Escurial
20%
Palmeraie d’Elche
20%
Université et quartier historique d'Alcalá de Henares
20%
Parc national de Doñana
17%
Paysage culturel d’Aranjuez
17%
Pont Vizcaya
17%
Site de dolmens d’Antequera
17%
Tour d’Hercule
17%
Ensemble archéologique de Tarraco
15%
Ensembles monumentaux Renaissance de Úbeda et Baeza
10%
Monastère royal de Santa María de Guadalupe
7%
San Cristóbal de la Laguna
7%
Sites d’art rupestre préhistorique de la vallée de Côa et de Siega Verde
7%
Ville califale de Medina Azahara
7%
Parc national de Garajonay
5%
Patrimoine du mercure : Almadén et Idrija
5%
Las Médulas
2%
Monastères de San Millán de Yuso et de Suso
2%
Paysage culturel de la Serra de Tramuntana
2%
Site archéologique d'Atapuerca
2%
Aucun quiz correspondant
Distribution des résultats
% des personnes avec chaque résultat
Percentile par nombre de réponses
Votre historique - résultats
Vous n’avez pas pris ce quiz